000 00490nam a2200145 a 4500
001 000030638
005 20200930062425.0
008 110525s1920 dr 000 0 spa d
040 _aDO-SdBNP
_bspa
_cBNPHU
110 1 _aRepública Dominicana
_bSecretaría de Estado de Sanidad y Beneficiencia
_957225
245 1 0 _aTexto para los inspectores de sanidad.
260 _aSanto Domingo, :
_bSecretaría de Estado de Sanidad y Beneficiencia,
_c1920.
300 _a47 p. ;
_c23 cm.
049 _aBNPD
999 _c30130
_d30130